1749 1697 1786 1017 1126 1020 1686 1518 1938 1969 1344 1336 1111 1438 1092 1047 1143 1543 1971 1788 1735 1256 1308 1379 1287 1715 1243 1319 1044 1105 1685 1977 1898 1757 1081 1966 1353 1235 1996 1907 1963 1916 1672 1561 1993 1853 1819 1504 1349 1585 1805 1245 1773 1819 1095 1052 1347 1263 1202 1736 1490 1872 1418 1025 1636 1197 1161 1599 1925 1704 1143 1077 1724 1510 1165 1120 1834 1964 1367 1018 1599 1444 1659 1695 1461 1603 1154 1094 1021 1803 1851 1843 1915 1936 1796 1284 1169 1155 1771 BCNSPRNW ULIB Ver.6.0+V

เปลี่ยนเป็นภาษาไทย

Change to English
 แสดงรายละเอียดบรรณานุกรม
  กลับหน้าหลัก

Brief Record : Get Marc (ISO 2709) : E-mail record : QR code < ปิดหน้าต่าง
LEADER : 00000nam 2200000uu 4500
001    13399119999
003     ULIB
008    120821s2550||||th 000 0 tha d
020    9789740582687
099    นว.^bอ943ร
100 0  Andra
245 00 รักนี้(ไม่)กำมะลอ^cAndra
945    ^p219^l0^i15023
999    ^aใช้งานได้ทุกระบบ
รายการนี้ยังไม่มีแท็ก
คุณยังไม่ได้ล็อกอิน คุณสามารถมีกิจกรรมร่วมกับเว็บไซต์ได้ แต่ต้องล็อกอินก่อน ::
  ล็อกอิน

รายการสื่อสารสนเทศ

ลำดับที่ ประเภท เลขเรียก/บาร์โค้ด สถานที่ สถานะ
1. วิทยาศาสตร์การแพทย์ และสุขภาพ
วิทยาศาสตร์การแพทย์ และสุขภาพ
นว. อ943ร  
  Barcode: 15023
ห้องสมุดวิทยาเขตสวรรค์ประชารักษ์
►นวนิยาย
บนชั้น
  ขอยืม

รายการใกล้เคียง
    ผู้แต่ง [Andra]

BibComment


ยังไม่เคยถูกคอมเมนท์

คอมเมนท์ทรัพยากรรายการนี้
  คอมเมนท์: รักนี้ไม่กำมะลอ A..


 Copyright 2026. Bcnsprnw @Library